000 00896nac a22002891u 4500
999 _c1644
_d1644
003 EG-ScBUE
005 20210121115902.0
008 100922t1986 alu f 00| 0 eng d
020 _a081730309X (pbk.)
040 _aEG-ScBUE
_beng
_erda
_cEG-ScBUE
_dEG-ScBUE
082 0 4 _a813.54
_bSAN
_222
100 1 _aSanguinetti, Elise,
_eauthor.
_919736
245 1 4 _aThe last of the whitfields /
_cElise Sanguinetti.
264 1 _aAlabama :
_bThe University of Alabama Press,
_c[1986]
264 1 _cc1986
300 _a279 pages ;
_c22 cm
336 _2rdacontent
_atext
_btxt
337 _2rdamedia
_aunmediated
_bn
338 _2rdacarrier
_avolume
_bnc
500 _aDonations
650 _2BUEsh
651 7 _aAlabama
_xFiction.
_2BUEsh
_919737
653 _bHHUUEENN
_cJanuary2021
655 _vReading book
_934232
942 _cBB
_k813.54SAN
_2ddc